Strategic Approach to Formation of Competitive Advantages on the Basis of Innovation in Small and Medium-sized Enterprises

Analýza strategických prístupov v oblasti inovácií a inovačných zmien. Prezentácia vybraných zistení ako sa na základe inovácií podporuje tvorba konkurenčných výhod v malých a stredných podnikoch na základe výsledkov výskumu.

Salvato in:
Dettagli Bibliografici
Autore principale: Papulová, Emília
Natura: Capitolo di libro
Lingua:inglese
Soggetti:
Tags: Aggiungi Tag
Nessun Tag, puoi essere il primo ad aggiungerne!!

MARC

LEADER 00000naa$a2200000$$$4500
001 0258156
005 20240502083732.9
041 0 |a eng 
044 |a CZ 
245 1 0 |a Strategic Approach to Formation of Competitive Advantages on the Basis of Innovation in Small and Medium-sized Enterprises  |c Emília Papulová 
520 |a Analýza strategických prístupov v oblasti inovácií a inovačných zmien. Prezentácia vybraných zistení ako sa na základe inovácií podporuje tvorba konkurenčných výhod v malých a stredných podnikoch na základe výsledkov výskumu. 
610 2 0 |a inovácia 
610 2 0 |a konkurencieschopnosť 
610 2 0 |a podnik malý 
610 2 0 |a podnik stredný 
610 2 0 |a stratégia inovačná 
100 1 |a Papulová, Emília